LEADER 00949nam0-22003251i-450 001 990005681340403321 005 20170710131434.0 035 $a000568134 035 $aFED01000568134 035 $a(Aleph)000568134FED01 035 $a000568134 100 $a19990604d1983----km-y0itay50------ba 101 0 $aita 105 $ay-------001yy 200 1 $a<>religione popolare fra potere e tradizione$fCarlo Prandi 210 $aMilano$cFranco Angeli$dc1983 215 $a233 p.$d22 cm 225 1 $aCollana di sociologia$v71 610 0 $aReligione$aAspetti sociali 676 $a306.609$v21$zita 700 1$aPrandi,$bCarlo$f<1931- >$0118034 801 0$aIT$bUNINA$gRICA$2UNIMARC 901 $aBK 912 $a990005681340403321 952 $a306.609 PRA 2$bBIBL. 59509$fFLFBC 952 $a306.609 PRA 1$b3371$fBFS 959 $aFLFBC 959 $aBFS 996 $aReligione popolare fra potere e tradizione$9510536 997 $aUNINA LEADER 03480nam 22006255 450 001 9910595039103321 005 20230810233639.0 010 $a981-19-4866-6 024 7 $a10.1007/978-981-19-4866-4 035 $a(MiAaPQ)EBC7098196 035 $a(Au-PeEL)EBL7098196 035 $a(CKB)24865888400041 035 $a(DE-He213)978-981-19-4866-4 035 $a(PPN)264956869 035 $a(EXLCZ)9924865888400041 100 $a20220920d2022 u| 0 101 0 $aeng 135 $aurcnu|||||||| 181 $ctxt$2rdacontent 182 $cc$2rdamedia 183 $acr$2rdacarrier 200 10$aBast Fibers and Their Composites $eProcessing, Properties and Applications /$fedited by G. Rajeshkumar, G.L. Devnani, Shishir Sinha, M.R. Sanjay, Suchart Siengchin 205 $a1st ed. 2022. 210 1$aSingapore :$cSpringer Nature Singapore :$cImprint: Springer,$d2022. 215 $a1 online resource (266 pages) 225 1 $aSpringer Series on Polymer and Composite Materials,$x2364-1886 311 08$aPrint version: Rajeshkumar, G. Bast Fibers and Their Composites Singapore : Springer,c2022 9789811948657 327 $a1. Introduction to bast fibers -- 2. Effect of extraction methods on the properties of bast fibres -- 3. Chemical modifications of natural fiber surface and their effects -- 4. Physical modification of bast fibres surface and their effects -- 5. Green methods for surface modification of bast fibers -- 6. Surface modification and its effect on interfacial properties -- 7. Manufacturing aspects of bast fiber-based composites -- 8. Thermal stability of polymer composites reinforced with bast fibers -- 9. Water absorption behavior of bast fibers incorporated polymer composites -- 10. Rheological properties of bast fibre composites -- 11. Dielectric properties of bast fibre composites -- 12. Biodegradable bast fiber- based composites -- 13. Free vibration characteristics of bast fiber-based polymeric composites -- 14. Characterization of bast fiber composites added with nano reinforcements. 330 $aThis edited book focuses on processing, properties, and applications of bast fiber and its composites written by renowned researchers and academicians. The contents focus on properties such as rheological and dielectric of bast fiber composites. It also discusses its dynamic mechanical analysis, thermal stability of polymer composites reinforced with bast fibers, and water absorption behavior of bast fiber incorporated polymer composites. This book will be beneficial to both the industry and academia as it highlights possible avenues of future research. 410 0$aSpringer Series on Polymer and Composite Materials,$x2364-1886 606 $aBuilding materials 606 $aComposite materials 606 $aPolymers 606 $aElectronics$xMaterials 606 $aWood, fabric, and textiles 606 $aComposites 606 $aPolymers 606 $aElectronic Materials 615 0$aBuilding materials. 615 0$aComposite materials. 615 0$aPolymers. 615 0$aElectronics$xMaterials. 615 14$aWood, fabric, and textiles. 615 24$aComposites. 615 24$aPolymers. 615 24$aElectronic Materials. 676 $a620.118 702 $aRajeshkumar$b G. 801 0$bMiAaPQ 801 1$bMiAaPQ 801 2$bMiAaPQ 906 $aBOOK 912 $a9910595039103321 996 $aBast fibers and their composites$93034383 997 $aUNINA